000 00398nam a22001337a 4500
082 _a923.15491
_bQUA
_cL-27 p-107
100 _aAhmad, Rizwan
_946191
245 _aThe Quaid - E - Azam papers 1940.
_cAhmad, Rizwan
260 _aLahore
_bEast & West Publishing Company
_c1976
300 _a175P.:
_bill,;
_c20 cm
526 _a0
_b0
_c0
_d923_154910000000000_QUA
650 _aMCE
_9379
942 _2ddc
_cBK
999 _c549536
_d549536